Państwa przez które przejeżdżało Tour De France - Statystyki

Ogólne statystyki
  • Ten quiz został rozwiązany 43 razy
  • Średni wynik to 13 z 14
Statystyki odpowiedzi
Edycje Państwo % Poprawnych
6 Andora
100%
111 Francja
100%
13 Włochy
100%
49 Belgia
97%
14 Hiszpania
97%
7 Luksemburg
97%
13 Niemcy
97%
9 Holandia
94%
18 Szwajcaria
92%
1 Dania
89%
4 Wielka Brytania
86%
6 Monako
81%
1 San Marino
75%
1 Irlandia
69%
Nie znaleziono quizów pasujących do podanych kryteriów
Rozkład punktacji
Procent ludzi z każdym wynikiem
Percentyl według liczby udzielonych odpowiedzi
Twoja historia wyników
Nie rozwiązałeś tego quizu